| 000 | 00559nam a2200193Ia 4500 | ||
|---|---|---|---|
| 001 | 68783 | ||
| 008 | 150918s9999 xx 000 0 und d | ||
| 020 | _a0688106447 | ||
| 040 | _cPK-LaUMT | ||
| 082 |
_aRCC 363.705250973 _bMOW-N |
||
| 100 | _aMowrey, Marc | ||
| 245 |
_aNot in our backyard _bthe people and events that shaped america's modern _cMowrey, Marc|Ewdmond, Tim |
||
| 260 |
_aNew York,USA: _bWilliam Morrow and Company, _c1993 |
||
| 300 | _a496 p. | ||
| 546 | _aEN | ||
| 650 | _aEnvironmental policy-USA | ||
| 700 | _aEwdmond, Tim | ||
| 942 | _cBK | ||
| 999 |
_c76356 _d76356 |
||